header

Walt Disney's Lady and the Tramp / (Record no. 264089)

MARC details
000 -LEADER
fixed length control field 00549nam a22001817a 4500
003 - CONTROL NUMBER IDENTIFIER
control field OSt
005 - DATE AND TIME OF LATEST TRANSACTION
control field 20240722124249.0
008 - FIXED-LENGTH DATA ELEMENTS--GENERAL INFORMATION
fixed length control field 240722b xxu||||| |||| 00| 0 eng d
010 ## - LIBRARY OF CONGRESS CONTROL NUMBER
LC control number 92081190
020 ## - INTERNATIONAL STANDARD BOOK NUMBER
International Standard Book Number 0307123677
040 ## - CATALOGING SOURCE
Transcribing agency DLC
050 ## - LIBRARY OF CONGRESS CALL NUMBER
Classification number PZ7.S6294
Item number Wan 1993
100 ## - MAIN ENTRY--PERSONAL NAME
Personal name Slater, Teddy.
245 ## - TITLE STATEMENT
Title Walt Disney's Lady and the Tramp /
Statement of responsibility, etc adapted by Teddy Slater ; illustrated by Bill Langley and Ron Dias.
260 ## - PUBLICATION, DISTRIBUTION, ETC. (IMPRINT)
Place of publication, distribution, etc Racine, Wis. :
Name of publisher, distributor, etc Western Pub. Co.,
Date of publication, distribution, etc c1993.
300 ## - PHYSICAL DESCRIPTION
Extent 1 v. :
Other physical details col. ill. ;
Dimensions 28 cm.
942 ## - ADDED ENTRY ELEMENTS (KOHA)
Source of classification or shelving scheme Library of Congress Classification
Koha item type Long Loan Books
Holdings
Withdrawn status Lost status Source of classification or shelving scheme Damaged status Not for loan Collection code Home library Current library Shelving location Date acquired Total Checkouts Full call number Barcode Date last seen Price effective from Koha item type
    Library of Congress Classification     Fiction Rongo University Library Rongo University Library Children's Area 22/07/2024   PZ7.S6294 Wan 1993 CL20243531 22/07/2024 22/07/2024 Long Loan Books

© 2026 Rongo University
Contact us: librarian | system librarian | Rongo university